Living with violence : (Record no. 20303)

MARC details
000 -LEADER
fixed length control field 05041nam a2200529 a 4500
005 - DATE AND TIME OF LATEST TRANSACTION
control field 20071023093225.0
008 - FIXED-LENGTH DATA ELEMENTS--GENERAL INFORMATION
fixed length control field 070607s2007 ii b 001 0 eng
010 ## - LCCN (DPL NO)
LC control number B-272380-397
020 ## - INTERNATIONAL STANDARD BOOK NUMBER
International Standard Book Number 0415430801
Terms of availability 550.00
020 ## - INTERNATIONAL STANDARD BOOK NUMBER
International Standard Book Number 9780415430807
Terms of availability 550.00
035 ## - SYSTEM CONTROL NUMBER
System control number B-272380-397
037 ## - SOURCE OF ACQUISITION
Stock number Aakar/I-104/2.6.08/32/16.5.08/11.6.08
040 ## - CATALOGING SOURCE
Original cataloging agency dpl
Language of cataloging English
082 ## - DEWEY DECIMAL CLASSIFICATION NUMBER
Classification number 303.623
100 ## - MAIN ENTRY--PERSONAL NAME
Personal name Chatterji, Roma.
245 ## - TITLE STATEMENT
Title Living with violence :
Remainder of title an anthropology of events and everyday life /
Statement of responsibility, etc by Roma Chatterji [and] Deepak Mehta.
260 ## - PUBLICATION, DISTRIBUTION, ETC. (IMPRINT)
Place of publication, distribution, etc New Delhi
Name of publisher, distributor, etc Routledge
Date of publication, distribution, etc 2007
300 ## - PHYSICAL DESCRIPTION
Extent xii, 201 p.
Dimensions 23 cm (Hb)
490 ## - SERIES STATEMENT
Series statement Critical Asian studies
504 ## - BIBLIOGRAPHY, ETC. NOTE
Bibliography, etc Includes bibliographical references and index.
520 ## - SUMMARY, ETC.
Summary, etc Account of the Hindu Muslim riots in Dhārāvi, Bombay during December 1992-January 1993.
650 ## - SUBJECT ADDED ENTRY--TOPICAL TERM
Topical term or geographic name as entry element Riots
Geographic subdivision India
-- Dhārāvi.
650 ## - SUBJECT ADDED ENTRY--TOPICAL TERM
Topical term or geographic name as entry element Hindus
Geographic subdivision India
-- Dhārāvi.
650 ## - SUBJECT ADDED ENTRY--TOPICAL TERM
Topical term or geographic name as entry element Muslims
Geographic subdivision India
-- Dhārāvi.
942 ## - ADDED ENTRY ELEMENTS (KOHA)
Source of classification or shelving scheme Dewey Decimal Classification
Item type English Books
Call number suffix CHA
Classification part 303.623
Holdings
Withdrawn status Lost status Source of classification or shelving scheme Damaged status Not for loan Collection code Home library Current library Date acquired Source of acquisition Cost, normal purchase price Total Checkouts Full call number Barcode Date last seen Copy number Cost, replacement price Koha item type
    Dewey Decimal Classification     Non-fiction Bagh Kadhe Khan Bagh Kadhe Khan 13/01/2009 Aakar/I-104/2.6.08/32/16.5.08/11.6.08/ 550.00   303.623 CHA B-272391 13/01/2009 1 550.00 English Books
    Dewey Decimal Classification     Non-fiction Bawana Bawana 13/01/2009 Aakar/I-104/2.6.08/32/16.5.08/11.6.08/ 550.00   303.623 CHA B-272393 13/01/2009 1 550.00 English Books
    Dewey Decimal Classification     Non-fiction Central Jail Tihar Central Jail Tihar 13/01/2009 Aakar/I-104/2.6.08/32/16.5.08/11.6.08/ 550.00   303.623 CHA B-272385 13/01/2009 1 550.00 English Books
    Dewey Decimal Classification     Non-fiction Central Library Central Library 13/01/2009 Aakar/I-104/2.6.08/32/16.5.08/11.6.08/ 550.00 1 303.623 CHA B-272380 19/09/2023 1 550.00 English Books
    Dewey Decimal Classification     Non-fiction Diz Area Diz Area 13/01/2009 Aakar/I-104/2.6.08/32/16.5.08/11.6.08/ 550.00   303.623 CHA B-272386 13/01/2009 1 550.00 English Books
    Dewey Decimal Classification     Non-fiction Kadipur Kadipur 13/01/2009 Aakar/I-104/2.6.08/32/16.5.08/11.6.08/ 550.00   303.623 CHA B-272396 13/01/2009 1 550.00 English Books
    Dewey Decimal Classification     Non-fiction Karol Bagh Karol Bagh 13/01/2009 Aakar/I-104/2.6.08/32/16.5.08/11.6.08/ 550.00   303.623 CHA B-272389 13/01/2009 1 550.00 English Books
    Dewey Decimal Classification     Non-fiction Kasturba Gandhi Marg Kasturba Gandhi Marg 13/01/2009 Aakar/I-104/2.6.08/32/16.5.08/11.6.08/ 550.00   303.623 CHA B-272382 13/01/2009 1 550.00 English Books
    Dewey Decimal Classification     Non-fiction Katevara Katevara 13/01/2009 Aakar/I-104/2.6.08/32/16.5.08/11.6.08/ 550.00   303.623 CHA B-272394 13/01/2009 1 550.00 English Books
    Dewey Decimal Classification     Non-fiction Mundaka Mundaka 13/01/2009 Aakar/I-104/2.6.08/32/16.5.08/11.6.08/ 550.00   303.623 CHA B-272395 13/01/2009 1 550.00 English Books
    Dewey Decimal Classification     Non-fiction Narela Narela 13/01/2009 Aakar/I-104/2.6.08/32/16.5.08/11.6.08/ 550.00   303.623 CHA B-272392 13/01/2009 1 550.00 English Books
    Dewey Decimal Classification     Non-fiction New Rajendra Nagar New Rajendra Nagar 13/01/2009 Aakar/I-104/2.6.08/32/16.5.08/11.6.08/ 550.00   303.623 CHA B-272387 13/01/2009 1 550.00 English Books
    Dewey Decimal Classification     Non-fiction New Rohtak Road New Rohtak Road 13/01/2009 Aakar/I-104/2.6.08/32/16.5.08/11.6.08/ 550.00   303.623 CHA B-272390 13/01/2009 1 550.00 English Books
    Dewey Decimal Classification     Non-fiction Patel Nagar Patel Nagar 13/01/2009 Aakar/I-104/2.6.08/32/16.5.08/11.6.08/ 550.00   303.623 CHA B-272381 13/01/2009 1 550.00 English Books
    Dewey Decimal Classification     Non-fiction Peshwa Road Peshwa Road 13/01/2009 Aakar/I-104/2.6.08/32/16.5.08/11.6.08/ 550.00   303.623 CHA B-272383 13/01/2009 1 550.00 English Books
    Dewey Decimal Classification     Non-fiction Sarojini Nagar Sarojini Nagar 13/01/2009 Aakar/I-104/2.6.08/32/16.5.08/11.6.08/ 550.00 1 303.623 CHA B-272388 11/06/2019 1 550.00 English Books
    Dewey Decimal Classification     Non-fiction Shahdara Branch Shahdara Branch 13/01/2009 Aakar/I-104/2.6.08/32/16.5.08/11.6.08/ 550.00   303.623 CHA B-272397 13/01/2009 1 550.00 English Books
    Dewey Decimal Classification     Non-fiction Tri Nagar Tri Nagar 13/01/2009 Aakar/I-104/2.6.08/32/16.5.08/11.6.08/ 550.00   303.623 CHA B-272384 13/01/2009 1 550.00 English Books
    Dewey Decimal Classification     Non-fiction Vinoba Puri Vinoba Puri 13/01/2009 Aakar/I-276/1.8.08/107/21.7.08/13.8.08 550.00 1 303.623 CHA B-284352 01/09/2022 1 550.00 English Books

© Delhi Public Library
Hit Counter
free hit counter